La poésie du moyen age (Record no. 161440)
[ view plain ]
| 000 -LEADER | |
|---|---|
| campo de control de longitud fija | 01025nam a22001935i 4500 |
| 001 - NÚMERO DE CONTROL | |
| campo de control | 161440 |
| 003 - IDENTIFICADOR DE NÚMERO DE CONTROL | |
| campo de control | ES-MaACL |
| 005 - FECHA Y HORA DE LA ÚLTIMA TRANSACCIÓN | |
| campo de control | 20250907063123.0 |
| 008 - DATOS DE LONGITUD FIJA--INFORMACIÓN GENERAL | |
| campo de control de longitud fija | 000211s1895 fr |||| | fre d |
| 040 ## - FUENTE DE CATALOGACIÓN | |
| Centro catalogador/agencia de origen | CCPB | B |
| Lengua de catalogación | spa |
| Centro/agencia transcriptor | CCPB | B |
| 100 1# - ENTRADA PRINCIPAL--NOMBRE DE PERSONA | |
| Nombre de persona | Paris, Gaston, |
| Fechas asociadas al nombre | 1839-1903 |
| 9 (RLIN) | 89136 |
| 245 13 - MENCIÓN DEL TÍTULO | |
| Título | La poésie du moyen age |
| Resto del título | : leçons et lectures / |
| Mención de responsabilidad, etc. | par Gaston Paris. |
| 260 ## - PUBLICACIÓN, DISTRIBUCIÓN, ETC. | |
| Lugar de publicación, distribución, etc. | Paris : |
| Nombre del editor, distribuidor, etc. | Librairie Hachette et Cie., |
| Fecha de publicación, distribución, etc. | 1895 ( |
| Fabricante | Imp. Paul Brodard) |
| 300 ## - DESCRIPCIÓN FÍSICA | |
| Extensión | XV, 267, [1] p. ; |
| Dimensiones | 18 cm. |
| 505 8# - NOTA DE CONTENIDO CON FORMATO | |
| Nota de contenido con formato | Contiene: Deuxieme Série: La litterature française au XIIe. siecle ; L'esprit normand en Anglaterre ; Les contes orientaux dans la litterature française au moyen age ; La légende du Mari aus deux femmes ; La parole des trois anneaux ; Siger de Bravant ; La litterature française au XVe. siecle |
| 650 #4 - PUNTO DE ACCESO ADICIONAL DE MATERIA--TÉRMINO DE MATERIA | |
| Término de materia o nombre geográfico como elemento de entrada | Poesía francesa- |
| Subdivisión cronológica | Edad media. |
| 9 (RLIN) | 136727 |
| 852 ## - LOCALIZACIÓN | |
| Ubicación | ES-MaACL |
| Número de control de estantería | G-15307 |
| Nota libre | -- Enc. hol. |
| Encuadernación | -- Edic.: 2 v.- La 1e partie de esta edición está fechada en 1885 (XIV, 254 p.) |
| Estatus retirado | Estado de pérdida | Estado de daño | No para préstamo | Colección | Biblioteca de origen | Biblioteca actual | Ubicación en estantería | Fecha de adquisición | Fuente de adquisición | Total de préstamos | Signatura topográfica completa | Código de barras | Visto por última vez | Precio de reemplazo | Tipo de ítem Koha |
|---|---|---|---|---|---|---|---|---|---|---|---|---|---|---|---|
| Libros del s. XIX | Biblioteca del Ateneo de Madrid | Biblioteca del Ateneo de Madrid | Sala Pecera Planta 3 | 17/01/2008 | G-15307 | 1169104 | 23/02/2023 | 23/02/2023 | Libro impreso antiguo |
